00342nam a2200133Ia 4500008004100000020001800041041001200059100001700071245005500088250000800143260003400151300000800185650001500193221030s9999 xx 000 0 und d a9789390128396 aEnglish aV. S. P. Rao 0aHuman Resource Management 2nd ed.cby V. S. P. Rao a2nd bTaxmann Pub.aNew Delhic2020 a385 aManagement